000 01568cam a22003734a 4500
001 13810698
003 OSt
005 20180117085955.0
008 041209s2005 nyu b 001 0 eng
010 _a 2004029338
020 _a1593850204 (hardcover)
040 _aDLC
_cDLC
_dDLC
042 _apcc
043 _an-us---
050 0 0 _aRC451.5.A2
_bE83 2005
082 0 0 _a362.2/089/00973
_222
245 0 0 _aEthnicity and family therapy /
_cedited by Monica McGoldrick, Joe Giordano, Nydia Garcia-Preto.
250 _a3rd ed.
260 _aNew York :
_bGuilford Press,
_cc2005.
300 _axix, 796 p. ;
_c26 cm.
504 _aIncludes bibliographical references and index.
650 0 _aMinorities
_xMental health services
_zUnited States.
650 0 _aFamily psychotherapy
_zUnited States.
650 0 _aMinorities
_xFamily relationships
_zUnited States.
700 1 _aMcGoldrick, Monica.
700 1 _aGiordano, Joseph.
700 1 _aGarcia-Preto, Nydia.
856 4 1 _3Table of contents only
_uhttp://www.loc.gov/catdir/toc/ecip054/2004029338.html
856 4 2 _3Contributor biographical information
_uhttp://www.loc.gov/catdir/enhancements/fy0617/2004029338-b.html
906 _a7
_bcbc
_corignew
_d1
_eecip
_f20
_gy-gencatlg
942 _2ddc
_cBK
999 _c3051
_d3051